Statistics for Polandball Quiz

Click here to take the quiz!

General Stats

  • This quiz has been taken 174 times
    (159 since last reset)
  • The average score is 5 of 10

Answer Stats

Hint Answer % Correct
Who can't into space?Polandball
96%
What countries are Triangles? (Type 1 of the 2)Tringapore and Bermuda
88%
What country is a brick?Kazakhbrick
82%
What country have "Hue Hue" as his börk?Brazilball
75%
What is Germanyball's börk?Wörk,Wörk.
56%
How do you say France in German?Frankreich
48%
What does Kurwa means?Bitch
32%
What does "Perkele" means?Satan
27%
Who is the weakest son of the Roman Empire?Româniaball
21%
Ohio and Nepal have both specials flags.What do they have?Non Rectangular Flags
1%

Score Distribution

Percentile by Number Answered

Percent of People with Each Score

Your Score History

You have not taken this quiz since the last reset